| 000 | 01723nam a2200301 4500 | ||
|---|---|---|---|
| 001 | 0000100124 | ||
| 005 | 20250611205815.0 | ||
| 008 | 190730s2025 000 0 eng d | ||
| 040 |
_aCO-CtgCURN _bspa _ccoctgcurn |
||
| 041 | 0 | _aspa | |
| 082 | 0 |
_aENF2025 _bM553 |
|
| 100 | 1 | _aMercado Utria, Camily Alejandra. | |
| 245 | 1 | 0 |
_aPercepción de los estudiantes de enfermería de una institución de educación superior hacia la simulación clínica : _bCartagena (Colombia) 2025 / _cCamily Alejandra Mercado Utria; Keissy Lorena Barboza Murillo; Mary Isabel Montero Madera; asesor: Zorayda Barrios Puerta. |
| 260 |
_aCartagena de Indias : _bCorporación Universitaria Rafael Núñez, _c2025. |
||
| 300 | _a198 hojas. | ||
| 336 |
_2rdacontent _atext _btxt |
||
| 337 |
_2rdacarrier _asin mediacion _bn |
||
| 338 |
_2rdacarrier _avolumen _bnc |
||
| 502 | _aTrabajo de grado (Enfermeria). Corporacion Universitaria Rafael Nuñez. Facultad de Ciencias de la salud. Enfermeria, 2025. | ||
| 520 | _a"La simulación clínica es una herramienta pedagógica esencial en la formación en Enfermería, permitiendo a los estudiantes practicar en un entorno seguro. Al respecto, sus percepciones aportan información clave para efectos de mejora." | ||
| 650 | 0 |
_aEnfermeria _vTesis y disertaciones academicas. |
|
| 700 | 1 | _aBarboza Murillo, Keissy Lorena . | |
| 700 | 1 | _aMontero Madera, Mary Isabel. | |
| 700 | 1 |
_aBarrios Puerta, Zorayda, _edirectora. |
|
| 856 |
_uhttps://unicurn.sharepoint.com/:b:/s/biblioteca/EYBqtUdCpLBMs56WznWfYlYBNW74CgmYZ0lrUO3Uvd6HIQ?e=5pGQnO _zClick para ver el recurso en texto completo |
||
| 942 |
_cTG _hENF 2025 _iM553 |
||
| 999 |
_c48981 _d48981 |
||